Alternatívne mechanizmy poskytovania a financovania verejných statkov (behaviorálny prístup) dizertačná práca
Saved in:
| Main Author: | |
|---|---|
| Corporate Author: | |
| Other Authors: | |
| Format: | Book |
| Language: | Slovak |
| Published: |
Bratislava
2021
|
| Subjects: | |
| Tags: |
No Tags, Be the first to tag this record!
|
MARC
| LEADER | 00000nbm a2200000 4500 | ||
|---|---|---|---|
| 001 | 0278148 | ||
| 005 | 20230302101808.3 | ||
| 041 | 0 | |a slo | |
| 044 | |a SK | ||
| 245 | 1 | 0 | |a Alternatívne mechanizmy poskytovania a financovania verejných statkov (behaviorálny prístup) |b dizertačná práca |c Eva Sirakovová ; školiteľ: Anetta Čaplánová |
| 264 | 1 | |a Bratislava |c 2021 | |
| 300 | |a 114 s. | ||
| 610 | 2 | 0 | |a statky verejné |
| 610 | 2 | 0 | |a financovanie |
| 610 | 2 | 0 | |a ekonómia behaviorálna |
| 610 | 2 | 0 | |a crowdfunding |
| 100 | 1 | |a Sirakovová, Eva, 1994- | |
| 700 | 1 | |a Čaplánová, Anetta, 1967- | |
| 710 | 2 | |a Národohospodárska fakulta EU. Katedra ekonómie | |